Súčasný stav a vývojové tendencie životného poistenia v podmienkach Slovenskej republiky bakalárska práca

Gespeichert in:
Bibliographische Detailangaben
1. Verfasser: Ochranová, Lenka
Körperschaft: Národohospodárska fakulta EU. Katedra poisťovníctva
Weitere Verfasser: Snopková, Andrea, 1987-
Format: Buch
Sprache:Slowakisch
Veröffentlicht: Bratislava 2025
Tags: Tag hinzufügen
Keine Tags, Fügen Sie das erste Tag hinzu!

MARC

LEADER 00000nbm a2200000 4500
001 0309328
005 20251021132839.0
041 0 |a slo 
044 |a SK 
245 1 0 |a Súčasný stav a vývojové tendencie životného poistenia v podmienkach Slovenskej republiky  |b bakalárska práca  |c Lenka Ochranová ; školiteľ: Andrea Snopková 
264 1 |a Bratislava  |c 2025 
300 |a 51 s. 
100 1 |a Ochranová, Lenka 
700 1 |a Snopková, Andrea, 1987- 
710 2 |a Národohospodárska fakulta EU. Katedra poisťovníctva